Blood and salt /

Bibliographic Details
Main Author: Sapergia, Barbara, 1943-
Other Authors: Ursell, Geoffrey
Format: Book
Language:English
Published: Regina : Coteau Books, [2012]

MARC

Tag First Indicator Second Indicator Subfields
LEADER 00000cam a2200000 a 4500
001 in00002782885
005 20150922150410.0
008 120619s2012 snca 000 f eng
010 |a  2012493115 
020 |a 9781550505139 
020 |a 1550505130 
020 |a 9781550507171 (EPUB) 
020 |a 1550507176 (EPUB) 
020 |a 9781550505351 (PDF) 
020 |a 1550505351 (PDF) 
035 |a (OCoLC)ocn796918963 
040 |a NLC  |b eng  |c NLC  |d CDX  |d C#P  |d UtOrBLW 
049 |a TXAM 
050 0 0 |a PR9199.3.S225  |b B56 2012 
055 0 0 |a PS8587 A375  |b B56 2012 
082 0 |a C813/.54  |2 23 
100 1 |a Sapergia, Barbara,  |d 1943- 
245 1 0 |a Blood and salt /  |c Barbara Sapergia. 
264 1 |a Regina :  |b Coteau Books,  |c [2012] 
264 4 |c ©2012 
300 |a 423 pages :  |b portrait ;  |c 23 cm. 
336 |a text  |b txt  |2 rdacontent 
337 |a unmediated  |b n  |2 rdamedia 
338 |a volume  |b nc  |2 rdacarrier 
500 |a "Edited by Geoffrey Ursell"--Title page verso. 
700 1 |a Ursell, Geoffrey. 
945 |a PromptCat  |b 108317 
946 |a stk 
947 |a A14836013672 
948 |a cataloged  |b h  |c 2012/11/30  |d c  |e dmitchel  |f 9:20:10 am 
994 |a 92  |b TXA 
999 |a MARS 
999 f f |s d07336e9-61e6-3f7c-9550-1bf9681c7bf5  |i 6a100067-248f-36f4-acbb-b71f5bed58f6  |t 0 
952 f f |p normal  |a Texas A&M University  |b College Station  |c Sterling C. Evans Library  |d Evans: Library Stacks  |t 0  |e PR9199.3.S225 B56 2012  |h Library of Congress classification  |i unmediated -- volume  |m A14836013672 
998 f f |a PR9199.3.S225 B56 2012  |t 0  |l Evans: Library Stacks